000 00903nam a2200265Ia 4500
003 OSt
005 20220924130624.0
006 a|||||r|||| 00| 0
007 ta
008 220923b |||||||| |||| 00| 0 san d
020 _c250
024 _a249071
037 _b539, 14/03/2011, Eastern Book Linkers
_cTextual
040 _aARTS
_cARTS
_bsan
041 _2san
_asan
082 _aO15,1wN, 111Q0.1
100 _aRanganath S.
_925895
245 0 _a20th century Sanskrit poets and their contribution
260 _aTirupati
_bRashtriya Sanskrit Vidyaengtha India
_c2010
300 _axiii,276p.
_ccm.
490 _aRashtriya Sanskrit vidyaengtha pub.; 204. Centre of excellence pub; 42. Golden jubilee pub.; 01
650 _aSANSKRIT LITERATURE
942 _hO15,1wN, 111Q0.1
_cTEXL
_2CC
999 _c424993
_d424993